Pháp luật về hóa đơn điện tử trong quản lý thuế : Luận văn Thạc sĩ Luật học. Chuyên ngành Luật Kinh tế

Đề tài: “Pháp luật về hoá đơn điện tử trong quản lý thuế” nghiên cứu các quy định của pháp luật về hóa đơn điện tử trong quản lý thuế nhằm chỉ ra những bất cập trong các quy định pháp luật, đề xuất một số giải pháp nhằm góp phần hoa...

詳細記述

保存先:
書誌詳細
第一著者: Nguyễn, Thị Hồng Trang
フォーマット: 図書
言語:Undetermined
出版事項: Cần Thơ Trường Đại học Cần Thơ 2020
主題:
タグ: タグ追加
タグなし, このレコードへの初めてのタグを付けませんか!
Thư viện lưu trữ: Trung tâm Học liệu Trường Đại học Cần Thơ
LEADER 01609nam a2200253Ia 4500
001 CTU_239430
008 210402s9999 xx 000 0 und d
082 |a 343.597043 
082 |b Tr106 
088 |a 8380107 
100 |a Nguyễn, Thị Hồng Trang 
245 0 |a Pháp luật về hóa đơn điện tử trong quản lý thuế : 
245 0 |b Luận văn Thạc sĩ Luật học. Chuyên ngành Luật Kinh tế 
245 0 |c Nguyễn Thị Hồng Trang ; Nguyễn Tấn Phát (Cán bộ hướng dẫn) 
260 |a Cần Thơ 
260 |b Trường Đại học Cần Thơ 
260 |c 2020 
520 |a Đề tài: “Pháp luật về hoá đơn điện tử trong quản lý thuế” nghiên cứu các quy định của pháp luật về hóa đơn điện tử trong quản lý thuế nhằm chỉ ra những bất cập trong các quy định pháp luật, đề xuất một số giải pháp nhằm góp phần hoàn thiện các quy định pháp luật về hóa đơn điện tử ở góc độ pháp luật thuế và đề xuất giải pháp nhằm đảm bảo thực hiện pháp luật về hóa đơn điện tử trong thời gian tới. 
650 |a Taxation,Thuế 
650 |x Law and legislation,Luật và các văn bản dưới luật 
650 |z Vietnam,Việt Nam 
904 |i Hải 
910 |c tvtrong 
980 |a Trung tâm Học liệu Trường Đại học Cần Thơ